[Event "2024 New Year TNM: 1600-1999"]
[Site "San Francisco"]
[Date "2024.01.16"]
[Round "2.9"]
[White "Ross, Max L"]
[Black "Mercado, Adam"]
[Result "0-1"]
[WhiteElo "1653"]
[BlackElo "1752"]
[PlyCount "90"]

1. d4 d5 2. c4 c6 3. Nf3 Nf6 4. g3 Bf5 5. Bg2 e6 6. O-O h6 7. Nbd2 Bd6 8. b3 Nbd7 9. Bb2 b6 ({Relevant:} 9... O-O 10. Ne5 Qe7 11. a3 Rfd8 12. Re1 a5 13. Nxd7 Rxd7 14. e4 dxe4 15. Nxe4 Bxe4 16. Bxe4 Bc5 17. d5 Nxe4 18. Rxe4 cxd5 19. cxd5 Rxd5 20. Qxd5 exd5 21. Rxe7 Bxe7 22. Rc1 b5 23. Rc7 Bf8 24. Rd7 Rc8 25. Rxd5 Rc2 26. Be5 Bc5 27. Bd4 Bxd4 28. Rxd4 Rc3 29. Rd8+ Kh7 30. Ra8 a4 31. bxa4 Rxa3 {½-½ Andreikin,D (2724)-Dreev,A (2623) Titled Tuesday intern op 29th Mar Late Chess.com INT blitz 2022 (4)}) 10. Re1 O-O 11. Ne5 Rc8 {[#]} 12. Rc1 $146 ({Predecessor:} 12. Nxd7 Qxd7 13. f3 Rfe8 14. e4 dxe4 15. fxe4 Bg4 16. Nf3 e5 17. dxe5 Bxf3 18. Qxd6 Bxg2 19. Kxg2 Qxd6 20. exd6 Re6 21. Bxf6 gxf6 22. Rad1 Rd8 23. d7 Kf8 24. Rd2 {½-½ Katajainen,K (2037)-Yukitputi,T FIN-chT1B 0607 Finland 2006 (4.7)}) 12... Ng4 13. Nxd7 Qxd7 14. e4 dxe4 15. Bxe4 Bxe4 16. Nxe4 f5 17. Nxd6 Qxd6 18. f4 Nf6 19. c5 Qd7 20. b4 b5 21. a4 a6 22. Qb3 Ne4 23. axb5 axb5 24. Re2 Ra8 25. Rce1 Qd5 26. Qxd5 exd5 27. Ra1 Rxa1+ 28. Bxa1 Ra8 29. Re1 Ra4 30. Rb1 Nd2 31. Rd1 Rxb4 32. Rxd2 Rb1+ 33. Kf2 Rxa1 34. Ke3 Ra3+ 35. Ke2 Kf7 36. Kd1 Kf6 37. Kc1 g5 38. fxg5+ hxg5 39. Kb2 Re3 40. Kc2 f4 41. g4 f3 42. Kd1 b4 43. Rf2 b3 44. Kc1 Re1+ 45. Kd2 Re2+ 0-1

[Event "2024 New Year TNM: 1600-1999"]
[Site "San Francisco"]
[Date "2024.01.16"]
[Round "2.10"]
[White "Vandenhoven, Clarke Raymond"]
[Black "Babayan, Gagik"]
[Result "1-0"]
[WhiteElo "1517"]
[BlackElo "1709"]
[Annotator "Winslow,Elliott"]
[PlyCount "83"]

1. e4 e6 2. d4 d5 3. e5 c5 4. c3 Qb6 5. Nf3 Nc6 6. Bd3 Bd7 7. dxc5 Bxc5 8. O-O Nge7 $4 9. b4 Bxb4 10. cxb4 Nxb4 11. Nc3 Rc8 12. Be3 Qa5 13. Ne2 Nxd3 14. Qxd3 Bb5 15. Qd1 O-O 16. Nfd4 Bc4 17. Qd2 Qa6 18. Rfb1 Nc6 19. Nxc6 bxc6 20. Nd4 c5 21. Nb3 d4 22. Bg5 Rfe8 23. Qa5 Qc6 24. Qxa7 h6 25. Bh4 g5 26. Bg3 Bd3 27. Rc1 Qe4 28. Nxc5 Qf5 29. Nxd3 Qxd3 30. Rd1 Qe2 31. Qxd4 h5 32. h4 Red8 33. Qxd8+ Rxd8 34. Rxd8+ Kg7 35. Rdd1 Kg6 36. a4 Qg4 37. hxg5 h4 38. Bxh4 Qxh4 39. a5 Qe4 40. a6 Qa8 41. a7 Kxg5 42. Rdb1 1-0

[Event "2024 New Year TNM: 1600-1999"]
[Site "San Francisco"]
[Date "2024.01.16"]
[Round "2.11"]
[White "Gu, Chunhui"]
[Black "Chan, John"]
[Result "1/2-1/2"]
[WhiteElo "1742"]
[BlackElo "1517"]
[Annotator "Winslow,Elliott"]
[PlyCount "94"]

1. e4 e6 2. d4 d5 3. Nc3 c5 $6 {Maybe this isn't refuted, but it is an uphill battle. Still, there is some master, Dmitry Goltsev, who plays it all the time in the Titled Tuesday blitz tournaments on Chess.com. With less-than-satisfactory results. The price of fame? In any case, right down John Chan's alley.} 4. exd5 exd5 5. dxc5 {Best by Stockfish 16.} ({The top players (not that they've seen 3...c5 very often!) go} 5. Nf3 Nf6 6. Bb5+ Nc6 7. O-O Be7 {and now, gaining a tempo:} 8. dxc5 Bxc5 {("cutting edge theory" according to some anonymous Mega Database annotator)} 9. Bg5 Be6 10. Bxf6 gxf6 11. Nd4 ({More recently and closer to home (that is, a local player):} 11. Qd2 $146 Qd6 12. Na4 O-O-O 13. Bxc6 Qxc6 14. Nxc5 Qxc5 15. Nd4 Rhg8 16. Rfe1 Rg4 17. Rad1 Rdg8 18. g3 Bd7 19. Re3 Kb8 20. Nb3 Qd6 21. Qxd5 Qxd5 22. Rxd5 Bc6 23. Rf5 Rd8 24. Rd3 Re8 25. f3 Ra4 26. a3 Re1+ 27. Kf2 Rb1 28. Rxf6 Rxb2 29. Rxf7 Rxc2+ 30. Ke3 a6 31. Nd4 Rcc4 32. Rf6 Bb5 33. Nxb5 axb5 34. Rf7 h5 35. Rf5 h4 36. Rxb5 hxg3 37. hxg3 Rc2 38. Rdb3 Ka8 39. R5b4 Ra6 40. g4 Re6+ 41. Kf4 Rc5 42. Rxb7 Rc4+ 43. Kg3 Re1 44. Rb8+ Ka7 45. R8b4 Rc6 46. Ra4+ Ra6 47. Rxa6+ Kxa6 48. g5 Ka5 49. Kf4 Ka4 50. Re3 Rg1 51. Kf5 Kb5 52. g6 Kc6 53. Kf6 Kd7 54. g7 Kd6 55. a4 Kd5 56. Re8 {1-0 Yoo,C (2589)-Goltsev,D (2216) Titled Tuesday intern op 14th Feb Late Chess.com INT blitz 2023 (11)}) 11... Qd6 12. Na4 Bb4 13. c3 Ba5 14. b4 Bc7 15. f4 a6 16. Bxc6+ bxc6 17. Qh5 O-O-O 18. Qe2 {1-0 (18) Kamsky,G (2657)-Goryachkina,A (2610) Chess.com INT 2022}) 5... d4 (5... Bxc5 $5 {(Gambito!)}) (5... Nf6 $5 {(Goltsev's move :-)}) 6. Ne4 (6. Bb5+ $1 Nc6 7. Qe2+ $1 Be6 8. Ne4 Qd5 9. Nh3 $5) 6... Nc6 (6... Nf6 7. Bg5 Qa5+ 8. Bd2 Qd8 9. Bd3 Nxe4 10. Bxe4 Bxc5 11. Qh5 $1) 7. Nf3 (7. a3 $5) (7. Qe2 $1 {(computer of course)}) 7... h6 $6 {too open a position for John's usual extravagant h-pawn moves} 8. Bb5 $4 (8. Bf4 Bxc5 9. Nxc5 Qa5+ 10. c3 Qxc5 11. Nxd4 $18) 8... Qa5+ $19 9. c3 Qxb5 10. cxd4 Bg4 11. Be3 Rd8 (11... O-O-O) 12. d5 Ne5 (12... Nf6) 13. Nc3 Qa6 14. Qc2 (14. Qe2) 14... Bxf3 15. gxf3 Nxf3+ (15... Bxc5 $1 {a much more important pawn}) 16. Kd1 Ne5 17. Kc1 Nd3+ 18. Kb1 Nf6 19. d6 Nb4 $6 (19... Qc6) 20. Qf5 Qd3+ 21. Qxd3 Nxd3 22. Bd4 (22. Rd1 $1 $17) 22... Kd7 23. Nb5 $2 a6 (23... Nxc5 $1 24. Rd1 (24. Bxc5 Kc6 $1)) 24. Nc7 Nb4 $6 (24... Kc6 25. a3 Nxc5 26. Rc1 Bxd6 27. Nxa6 bxa6 28. Bxc5 Bxc5 29. b4 Rd5) 25. a3 Nbd5 26. Bxf6 Nxf6 27. b4 Ne8 28. Nd5 Kc6 (28... Nxd6 $5) 29. Nc3 g6 30. Re1 Bg7 31. Kc2 Rd7 32. Re2 Bxc3 33. Kxc3 Nf6 34. Rae1 Rf8 35. Kc4 Nd5 36. a4 b5+ 37. axb5+ axb5+ 38. Kd4 {[#]} Nxb4 $2 (38... Ra8 $1) 39. Ra1 $11 {And just like that: White is drawing!} Kb7 40. Rb2 Nc6+ 41. Kd5 b4 42. Rba2 Re8 43. Ra6 Re5+ 44. Kc4 Re4+ 45. Kd3 (45. Kb5) (45. Kb3) 45... Rd4+ 46. Ke3 R4xd6 $1 {(actually neither scoresheet says *which* rook took first on d6)} 47. cxd6 Rxd6 1/2-1/2

[Event "2024 New Year TNM: 1600-1999"]
[Site "San Francisco"]
[Date "2024.01.16"]
[Round "2.12"]
[White "Toledo Guerrero, Fernando"]
[Black "Dutter, Frederic"]
[Result "0-1"]
[WhiteElo "1707"]
[BlackElo "1900"]
[PlyCount "68"]

1. e4 Nf6 2. e5 Nd5 3. c4 Nb6 4. c5 Nd5 5. Bc4 e6 6. Nc3 Nxc3 7. dxc3 Nc6 8. Qh5 ({Relevant:} 8. Bf4 Bxc5 9. Qg4 Bf8 10. Nf3 d5 11. O-O-O Qe7 12. Bb3 Bd7 13. Rhe1 h6 14. Bg3 O-O-O 15. h4 g6 16. h5 g5 17. Nh2 Qc5 18. Qf3 d4 19. Qxf7 Be7 20. Bxe6 Rhf8 21. Bxd7+ Rxd7 22. Qe6 Rfd8 23. c4 Kb8 24. Rd3 Nb4 25. Rb3 d3 26. Rd1 d2+ 27. Kb1 Qd4 28. Qf5 Qxc4 29. Rxb4 Bxb4 30. a3 Bxa3 31. Qc2 Qxc2+ 32. Kxc2 Bf8 33. Ng4 Rd4 34. b3 Rxg4 {0-1 Delgado Ramirez,N (2621)-Bortnyk,O (2598) Titled Tuesday intern op 6th June Chess.com INT blitz 2020 (8)}) 8... d5 9. Bd3 g6 10. Qe2 Bxc5 11. Nf3 {[#]} h6 $146 ({Predecessor:} 11... f6 12. exf6 Qxf6 13. Bg5 Qg7 14. O-O-O Bd6 15. h4 h6 16. Bd2 Bd7 17. h5 gxh5 18. Rxh5 O-O-O 19. Bb5 {½-½ Vojta,T (2343)-Neckar,L (2360) CZE-chT2C 1314 Czech Republic 2013 (7.2)}) 12. b4 Bf8 13. O-O Bg7 14. Bf4 g5 15. Bg3 Bd7 16. a4 O-O 17. Nd4 Nxd4 18. cxd4 f5 19. exf6 Bxf6 20. Qh5 Qe7 21. Be5 Bxe5 22. dxe5 Qg7 23. Ra3 Rf4 24. b5 Be8 25. Qh3 Bd7 26. Rc3 c6 27. bxc6 bxc6 28. Rb1 g4 29. Qe3 Raf8 30. Qxa7 Rxf2 31. Rb7 Qf7 32. Rc1 Qf4 33. Rcb1 Qd2 34. Rxd7 Rxg2+ 0-1

[Event "2024 New Year TNM: 1600-1999"]
[Site "San Francisco"]
[Date "2024.01.16"]
[Round "2.14"]
[White "Gu, Thomas"]
[Black "Perumov, Stanislav"]
[Result "0-1"]
[WhiteElo "1487"]
[BlackElo "1731"]
[PlyCount "64"]

1. e4 c6 2. d4 d5 3. Nc3 dxe4 4. Nxe4 Bf5 5. Ng3 Bg6 6. h4 h6 7. Nf3 Nf6 8. h5 Bh7 9. Bd3 Bxd3 10. Qxd3 e6 11. Bf4 Nd5 12. Bd2 Bd6 13. Ne4 Bc7 14. O-O-O Nd7 15. c4 N5f6 16. Bb4 Nxe4 17. Qxe4 Nf6 18. Qc2 Bd6 19. Bxd6 Qxd6 20. Ne5 Qc7 21. f4 O-O-O 22. Kb1 Kb8 23. Rh3 c5 24. dxc5 Rxd1+ 25. Qxd1 Rd8 26. Rd3 Rxd3 27. Qxd3 Nxh5 28. Nxf7 Nxf4 29. Qd8+ Qxd8 30. Nxd8 Kc7 31. g3 Kxd8 32. gxf4 h5 0-1

[Event "2024 New Year TNM: 1600-1999"]
[Site "San Francisco"]
[Date "2024.01.16"]
[Round "2.15"]
[White "Tam, Hoa Long"]
[Black "Yan, Rayna"]
[Result "1-0"]
[WhiteElo "1721"]
[BlackElo "1661"]
[PlyCount "171"]

1. e4 e5 {A surprise on move 1. In previous TNMs, Black reliably played the Caro-Kann.} 2. Nf3 Nc6 3. Bc4 Bc5 4. c3 Nf6 5. d4 exd4 6. e5 d5 7. Bb5 Ne4 8. cxd4 Bb6 {Last book move for me. I had vague ideas about the next few moves but definitely did not remember the details} 9. O-O $6 {This commits my king too early and allows ...Bg4 to come with the threat of opening up White's king.} (9. Nc3 O-O 10. Be3 Bg4 11. h3 Bh5 (11... Bxf3 $2 {gxf3 is good now because White hasn't castled} 12. gxf3 Nxc3 13. bxc3 $14) 12. Qc2 $10 {by far the modern main line}) 9... O-O 10. Nc3 Bg4 11. Be3 Ba5 $6 {Wastes a tempo. It just helps me develop my rook and winds up exposing the b7 pawn.} (11... f6 12. exf6 Nxc3 13. bxc3 Qxf6 14. Be2 Rae8 15. h3 Bh5 $10 {Black keeps the bishop pair and Qb3 no longer comes with a fork}) 12. Rc1 Bxc3 13. bxc3 f6 14. exf6 Qxf6 15. Be2 Rae8 (15... Nd6 {with ideas of routing the c6 knight to c4} 16. h3 Bh5 17. Qb3 $14 {Van Foreest - Hansen, 2021, 1-0}) 16. h3 {I inserted this move to push Black's bishop onto a shorter diagonal} Bh5 (16... Bxf3 17. Bxf3 $14 {White has the bishop pair and half-open b-file while Black's c6 knight is going to have a hard time getting back into the game.}) 17. Qb3 Bf7 $6 {The move I was hoping for -- blocking Black's intimidating battery along the f-file.} (17... Nd2 18. Bxd2 Rxe2 19. Qxd5+ Kh8 20. Qxh5 $18) (17... Qd6 18. Qxb7 $2 (18. Rfe1 b6 $10 {White has the bishop pair and ideas of pushing c4 while Black enjoys several nice outposts}) 18... Nd2 19. Rfe1 Nxf3+ 20. Bxf3 Bxf3 21. gxf3 Rxf3 $17) 18. Qxb7 Re7 (18... Rb8 19. Qxc7 {White's queen gets to be greedy since it can escape to h2.}) 19. Qb1 Rb8 20. Qc2 Bg6 21. Bd3 h6 $6 {I suspect Black was worried about my bishop coming to g5 but that square is well-covered for now and this move destabilizes Black's g6 bishop.} 22. a3 {Threatening c4, though I'm still not sure if I want to do so, as my c3-d4 pawn chain does a wonderful job restricting Black's c6 knight.} (22. c4 $2 Nb4 $17) 22... Bh5 $4 23. Bxe4 dxe4 24. Nd2 {Black loses lovely outposts on c4 and e4, gains two isolated pawns, and is going to wind up giving White a passed pawn in the center.} Bg6 25. Rb1 {An endgame with these pawns should be very good for White, so I want to start forcing trades.} Rxb1 26. Rxb1 Kh7 27. Rb5 {I don't want to move my central pawns, as they restrict Black's c6 knight, but I want to get my own knight from d2 to c5 or e5. I can't go to e5 right now, so this rook lift intends to support Nd2-c4-e5 or Nd2-b3-c5.} Nd8 28. Rc5 {This walks into a long series of tempo moves by Black's knight that I did not see} (28. Ra5 c6 29. Qa4 $16 {Black's a7 pawn will fall.}) 28... Nb7 $1 {I didn't consider Black's knight rerouting through b7, as this looked like it was moving away from the action.} (28... Ne6 $2 29. Rc6 Be8 30. Qxe4+ Kh8 31. Ra6 c6 32. Qf3 $18) (28... Nf7 29. Qa4 $16) 29. Rc4 Nd6 30. Rc6 Be8 31. Ra6 Bb5 $1 {I was expecting Black to try to defend a7, but instead Black just keeps attacking and attacking} 32. Rxa7 Bd3 33. Qb2 Nb5 34. Rb7 $6 {loses my c3 pawn for no reason} (34. Ra5 Qc6 (34... c6 35. c4 Nc7 36. Ra7 $18) 35. c4 $18) 34... Qc6 35. Rb8 Nxc3 36. Nb3 Ne2+ 37. Kh1 Qc4 38. Nc5 Rf7 39. Rb4 $2 {I want to go Rb3 but I thought I could win a tempo on Black's queen by inserting this.} (39. Rb3 $16 {Black can't stop Qd2 and Nxd3.}) 39... Qd5 40. Rb3 Bc4 41. Rb4 Bd3 42. Qb3 Qf5 43. Qd1 {Capturing on d3 immediately ought to be fine, as Black can't add any. more defenders to d3, but from a distance it seemed safer to prevent any sort of infiltration along the back rank first.} (43. Nxd3 exd3 44. Qd1 Nc3 45. Qd2 Nd5 46. Rb3 $18) 43... Nc3 44. Qd2 Nd5 45. Rb3 $4 {Two question marks for overlooking the same bishop move a second time.} Bc4 46. Rb1 Bd3 47. Nxd3 exd3 48. Rd1 Nxe3 $4 {Black needs to avoid trades to have any hope of holding a draw.} 49. fxe3 c5 50. Qxd3 cxd4 51. Qxf5+ Rxf5 52. exd4 Ra5 53. Rd3 Kg6 54. d5 {Delaying my own king activity to lock Black's king away on d8.} Kf7 55. d6 Ke8 56. d7+ Kd8 57. g4 Ra7 58. Kg2 Rc7 59. Kf3 Rc4 60. Ke3 Ra4 61. Kd2 Rf4 62. Kc3 Re4 63. Kb3 Rf4 64. a4 Re4 65. a5 Re6 66. Kb4 Ra6 67. Kb5 Ra8 68. a6 g5 69. Kb6 Rb8+ 70. Kc6 Ra8 71. Kb7 Ke7 72. d8=Q+ $6 {Black's king move caught me so off guard that I completely forgot that Black's rook was hanging in the corner.} (72. Kxa8 $18) 72... Rxd8 73. Rxd8 Kxd8 74. a7 Kd7 75. a8=Q Ke7 76. Qa6 Kf7 77. Qd6 Kg7 78. Qe6 Kh7 79. Qf6 Kg8 80. Kc7 h5 81. Kd7 hxg4 82. hxg4 Kh7 83. Qxg5 Kh8 84. Ke7 Kh7 85. Kf7 Kh8 86. Qg7# 1-0

[Event "2024 New Year TNM: 1600-1999"]
[Site "San Francisco"]
[Date "2024.01.16"]
[Round "2.16"]
[White "Jian, Sheng"]
[Black "Smets, Ray"]
[Result "0-1"]
[WhiteElo "1674"]
[BlackElo "1425"]
[PlyCount "76"]

1. e4 c6 2. d4 d5 3. e5 c5 4. dxc5 e6 5. a3 Bxc5 6. Nf3 f6 7. b4 Be7 8. Bb2 a5 9. b5 Nd7 10. c4 Nxe5 11. Nxe5 fxe5 12. cxd5 Qxd5 13. Nc3 Qxd1+ 14. Rxd1 Nf6 15. Bc4 Kf7 16. O-O Rd8 17. Rxd8 Bxd8 18. Na4 Bc7 19. b6 Bd6 20. Re1 Bd7 21. Bb3 Rc8 22. h3 e4 23. Rd1 Ke7 24. Nc3 Bc5 25. Na4 Bxa4 26. Bxa4 Bxb6 27. Kf1 Bc5 28. Ke2 Rd8 29. Rc1 b6 30. Rc2 Nd5 31. g3 Rf8 32. Ke1 g6 33. Bc1 Rf3 34. Bg5+ Kf7 35. Rc4 Bxf2+ 36. Ke2 Bxg3 37. Rxe4 Rxa3 38. Bc2 Nc3+ 0-1

[Event "2024 New Year TNM: 1200-1599"]
[Site "San Francisco"]
[Date "2024.01.16"]
[Round "2.17"]
[White "Starr, Albert Martin"]
[Black "Schuster, Zack"]
[Result "0-1"]
[WhiteElo "1500"]
[BlackElo "1242"]
[PlyCount "74"]

1. b4 e5 2. Bb2 Bxb4 3. Bxe5 Nf6 4. c4 Nc6 5. Bc3 d5 6. Bxb4 Nxb4 7. Qa4+ Nc6 8. e3 d4 9. Na3 Qe7 10. Be2 Bd7 11. Rb1 O-O 12. Rxb7 a5 13. Qb3 dxe3 14. Qxe3 Qd6 15. Nb5 Qb4 16. Nf3 Qb1+ 17. Bd1 Rfe8 18. O-O Rxe3 19. dxe3 Qxa2 20. Nxc7 Rb8 21. Bb3 Qb2 22. Rxb8+ Nxb8 23. Nd4 g6 24. h3 Nc6 25. Ncb5 Ne4 26. Nxc6 Bxc6 27. Nd4 Nd2 28. Nxc6 Nxf1 29. Ba4 Qc1 30. Bb5 Nxe3+ 31. Kh2 Nf1+ 32. Kg1 Ng3+ 33. Kh2 Ne2 34. h4 Qf4+ 35. g3 Qxf2+ 36. Kh3 Ng1+ 37. Kg4 Qf5# 0-1

[Event "2024 New Year TNM: 1200-1599"]
[Site "San Francisco"]
[Date "2024.01.16"]
[Round "2.18"]
[White "Le, Thu Anh"]
[Black "McKemey, Hector Scott"]
[Result "1/2-1/2"]
[WhiteElo "1187"]
[BlackElo "1410"]
[Annotator "Le,Thu Anh"]
[PlyCount "45"]

1. e4 c5 2. Nc3 d6 3. f4 Nc6 4. Nf3 g6 5. Bb5 Bg7 6. Bxc6+ bxc6 7. d3 e6 $2 {This move doesn't look right, though I can't quite tell why yet.} 8. O-O Ne7 9. Qe1 {Guards Nc3, avoids DSB tactics, and can aid in a K-side attack} O-O ({Relevant:} 9... a5 10. e5 d5 11. Na4 c4 12. dxc4 Ba6 13. b3 dxc4 14. Rf2 Nd5 15. Bd2 Bb5 16. Nc5 Bf8 17. Ne4 Be7 18. a4 Ba6 19. Bxa5 Qb8 20. Nd4 cxb3 21. cxb3 Bb7 22. f5 gxf5 23. Nd6+ Kd7 24. N6xf5 exf5 25. e6+ fxe6 26. Qxe6+ Ke8 27. Nxf5 Rxa5 28. Re1 Kd8 29. Nxe7 Re8 30. Rf7 Qc7 31. Nxd5 Rxe6 32. Nxc7 Rxe1+ 33. Kf2 Re7 {0-1 Kadric,D (2579)-Hong,A (2444) PNWCC Online blitz JP 2nd Chess.com INT 2020 (9)}) 10. b3 d5 $2 11. e5 {[#]} a5 $146 ({Predecessor:} 11... Nf5 12. Ba3 Qa5 13. Na4 Qxe1 14. Raxe1 Rd8 15. Bxc5 h5 16. Nd4 Nxd4 17. Bxd4 Bf8 18. Bc5 Bh6 19. Bd6 f5 20. c4 Bd7 21. cxd5 cxd5 22. Rc1 Bxa4 23. bxa4 Rdc8 24. g3 g5 25. Bc5 gxf4 26. gxf4 Kf7 27. Be3 a6 28. Kf2 Rab8 29. Rxc8 Rxc8 30. Rc1 Rxc1 31. Bxc1 Bf8 32. Ke3 Ke7 33. Ba3+ Kf7 34. Bxf8 Kxf8 35. Kd4 h4 36. Kc5 Kf7 37. Kd6 h3 38. d4 a5 39. a3 Kg7 40. Kxe6 Kg6 41. Kd7 {1-0 Martinez,S (1881)-Agasarov,B (2037) Titled Tuesday intern op 09th Aug Late Chess.com INT blitz 2022 (9)}) 12. Ba3 c4 13. dxc4 (13. bxc4 {Taking this way would result in doubled, isolated pawns. There might be dynamic advantages with the open b-file but is overall harder to play} dxc4 14. dxc4) 13... Ba6 14. Rf2 Re8 15. Rd1 Nf5 16. Na4 (16. g4 {I seriously considered this move, then decided against it because half of White's pieces were still on the Q-side. After playing it out, the White king looks safe here. The game does get sharp quickly.} Nh6 17. h3 (17. Rg2) 17... f5 18. g5 Nf7 19. Bc5 h6 20. gxh6 Bxh6 21. Rg2 Kh7 22. Be3) 16... Bf8 17. Bxf8 Kxf8 18. Nd4 (18. Rfd2) 18... Nxd4 19. Rxd4 Qc7 20. cxd5 $2 {At this point, my thinking was "I'm down 20 minutes, I'm up a pawn. Trade into an endgame." This was absolutely the wrong strategy and I ended up trading all of White's advantages away.} (20. Qc3) (20. Rd1) ({EW: For that matter, there is also Stockfish's} 20. c5 $5 {The knight permanently sits on b6, which isn't overwhelming but it's not bad at all.}) 20... cxd5 21. Qc3 $2 Rac8 22. Qxc7 Rxc7 23. h3 {White offered a draw and Black accepted.} 1/2-1/2

[Event "2024 New Year TNM: 1200-1599"]
[Site "San Francisco"]
[Date "2024.01.16"]
[Round "2.19"]
[White "Fitzgerald, William"]
[Black "Tagatac, David M"]
[Result "0-1"]
[WhiteElo "1129"]
[BlackElo "1284"]
[Annotator "Winslow,Elliott"]
[PlyCount "40"]

1. e4 e5 2. Nf3 Nc6 3. Bc4 Bc5 4. c3 Nf6 5. d3 O-O 6. O-O d6 {[#]} 7. Be3 {There were subtler ways to play. (Note the strongest White player to try this is 2476, which might mean something.)} (7. h3) (7. Re1) (7. Nbd2) (7. Bg5) (7. a4) 7... Bxe3 {And the same could be said for this.} (7... Bb6 $5) 8. fxe3 Bg4 {[#]} (8... Na5) (8... Ne7 $5) 9. Qb3 $2 (9. Nbd2) (9. Qe1 $5) (9. a4 $5) 9... Na5 $1 {Black is already clearly on top!} 10. Qb4 $146 {It may well be that ...c5 "for free" favors White, but clearly this whole mess is thanks to mucking up the white bishop with the queen adding to it.} ({Let's look at the only other game to reach here, not the finest performance, a FIDE 930 player vs. one with no rating, the Berlin Under-14 Championship of 2011:} 10. Qa4 Nxc4 $6 (10... c6 $1 11. Bb3 b5 12. Qa3 Qb6 13. Re1 Bxf3 14. gxf3 d5 $17 {Quality over quantity in the center.}) 11. Qxc4 d5 $6 (11... Be6 $5) 12. exd5 Nxd5 $2 13. Qe4 $4 (13. Qxg4 Nxe3 14. Qe4 Nxf1 15. Kxf1 $16) 13... Bxf3 $4 (13... f5 14. Qxe5 Re8 15. Qg3 Nxe3 16. Rf2 Bxf3 17. Qxf3 Ng4 18. Re2 Qd6 {Stockfish stuns us again, declaring Black to be (-3.44), i.e. WINNING.} 19. g3 Qc5+ 20. d4 Qb5) 14. Rxf3 (14. Qxf3 $11) 14... Re8 (14... Nf6 $1 15. Qf5 e4 $17) 15. Rf5 $4 (15. Nd2 $11) 15... f6 $4 (15... Nf6 $19 16. Qc4 b5 $1 17. Qxb5 Rb8) 16. Nd2 c6 17. Raf1 Qb6 18. Nc4 Qc5 19. Kh1 b5 20. b4 Nxc3 21. bxc5 Nxe4 22. dxe4 bxc4 23. Rc1 Rab8 24. Rff1 Rb4 25. h4 Reb8 26. Kg1 Ra4 27. Rf2 Rb5 28. Rd2 Rxc5 29. Rdc2 Kf7 30. Kf2 c3 31. Rxc3 Rxc3 32. Rxc3 Rxe4 33. g3 Ra4 34. Rxc6 Rxa2+ 35. Kf3 g5 36. Rc7+ Kg6 37. hxg5 fxg5 38. Rc6+ Kf5 39. g4# {1-0 Nguyen,P (830)-Hopmann,A Berlin-ch 2011 U14 Vorrunde 1 2010 (5.11)}) 10... c5 11. Qa4 Qb6 $6 (11... Nxc4 $1 12. Qxc4 Be6 (12... b5 $5 13. Qb3 c4 $1) 13. Qb5 c4 $1 {Well okay, the "free" ...c5 came in quite handy.}) 12. Nbd2 Bxf3 (12... Bd7 $5) (12... Nxc4 13. Nxc4 (13. Qxc4 $2 Be6 14. Qa4 Qxb2 $17) 13... Qc7 $15) 13. Nxf3 (13. Rxf3 $1 Qxb2 14. Qd1 {and another surprise by SF16, Black has next to no advantage, even taking the 2nd pawn is "0.00":} Qxc3 15. a4 Nc6 16. a5 $1 {sets up a repetition on the queen.}) 13... Nxc4 14. Qxc4 a6 $6 $11 (14... Qxb2 $1 15. Rab1 {(or the other rook)} b5 $1 {and however White gets the pawn back, Black has the further shot} 16. Qxf7+ $5 (16. Qxb5 Qxb5 17. Rxb5 c4 $1) 16... Rxf7 17. Rxb2 c4 $1 {with some annoying plus in the ending.}) 15. Rfb1 $2 (15. Qb3 $1) (15. Rf2) 15... Qa7 $2 (15... Ng4 $1 16. Qb3 Qxb3 17. axb3 Nxe3 18. h3 (18. Nd2 d5) 18... f5 $17) 16. Kf2 $4 (16. a4 Ng4 17. Re1 b5 18. axb5 axb5 19. Rxa7 bxc4 20. Rxa8 Rxa8 21. d4 Nf6 22. Nd2 Ra2 23. Rb1 $11 {Passive but adequate.}) 16... b5 {Now it's over.} 17. Qb3 Ng4+ 18. Ke2 {Frying pan => Fire} c4 19. Qc2 Qxe3+ 20. Kd1 (20. Kf1 cxd3 {is really no better.}) 20... Nf2+ 0-1

[Event "2024 New Year TNM: 1200-1599"]
[Site "San Francisco"]
[Date "2024.01.16"]
[Round "2.20"]
[White "Clark, Drew H"]
[Black "Hilliard, Michael R"]
[Result "1-0"]
[WhiteElo "1425"]
[BlackElo "1462"]
[Annotator "Winslow,Elliott"]
[PlyCount "35"]

1. e4 c6 2. d4 d5 3. e5 Bf5 4. h4 h5 5. Bg5 Qa5+ 6. Nc3 e6 7. a3 Nd7 8. Bd3 Bxd3 9. Qxd3 c5 10. Qb5 Qc7 11. O-O-O a6 12. Qa4 cxd4 13. Rxd4 Bc5 14. Rd2 {[#]} Qxe5 15. Nxd5 Bxf2 16. Nf3 Qb8 17. Rxf2 exd5 18. Re1+ 1-0